Food fears from industrial to sustainable food systems

Gespeichert in:
Bibliographische Detailangaben
1. Verfasser: Blay-Palmer, Alison
Format: Buch
Sprache:Englisch
Veröffentlicht: Abingdon Routledge 2016
Schlagworte:
Tags: Tag hinzufügen
Keine Tags, Fügen Sie das erste Tag hinzu!

MARC

LEADER 00000nam a2200000 4500
001 0237470
005 20240312115649.7
020 |a 978-0-7546-7248-7 
041 0 |a eng 
044 |a GB 
245 1 0 |a Food fears  |b from industrial to sustainable food systems  |c Alison Blay-Palmer 
264 1 |a Abingdon  |b Routledge  |c 2016 
300 |a 185 s. 
610 2 0 |a priemysel potravinársky 
610 2 0 |a obchod 
610 2 0 |a ponuka 
610 2 0 |a spotreba potravín 
610 2 0 |a potraviny 
100 1 |a Blay-Palmer, Alison